000 00282nam a2200121Ia 4500
008 241002s9999 xx 000 0 und d
082 _a808.3 DOS
100 _aDostyyevsky, Fyoder
245 0 _aCrim and Punishment
260 _aLondon:
_c1957
600 _aLiterature
942 _cUC
999 _c18786
_d18786